00319nam a2200133Ia 4500003000400000008004100004020002300045040000800068100001700076245004000093260002800133300001300161365001100174LDD181029s9999 xx 000 0 und d a8183240771c895.00 cLDD aSharma, Usha 0aFemale labour in IndiacUsha Sharma aNew DelhibMittalc2006 ax, 434p. b895.00